| 000 | nam a22 7a 4500 | ||
|---|---|---|---|
| 999 |
_c219572 _d219572 |
||
| 003 | Nust | ||
| 005 | 20170214115543.0 | ||
| 008 | 170214b xxu||||| |||| 00| 0 eng d | ||
| 020 | _a9788184080759 | ||
| 040 | _cNust | ||
| 082 |
_a843 _bHAM |
||
| 245 |
_a 24 French masters : _bfrom La Sale to Dumas / _c Edited by J.A. Hammerton |
||
| 260 |
_aNew Delhi: _bIndiana Publishing House, _c2000 |
||
| 300 | _a427p. | ||
| 650 | _aShort stories, French | ||
| 942 |
_2ddc _cBK |
||